| 000 | 00452nam a22001337a 4500 | ||
|---|---|---|---|
| 082 |
_a891.4391 _bANJ |
||
| 100 |
_aAnjum, Zahid Hussain _935533 |
||
| 245 |
_aشاعر امروز و فرداسیرت علام ڈاکٹر محمد اقبال _cAnjum, Zahid Hussain |
||
| 260 |
_aPakistan, _bAlquresh chock urdu bazar Lahore _c1997. |
||
| 300 |
_a367p.: _bill,; _c15 cm. |
||
| 526 |
_a0 _b0 _c0 _d891_439100000000000_ANJ |
||
| 650 |
_aMCE _9379 |
||
| 942 |
_2ddc _cBK |
||
| 999 |
_c549550 _d549550 |
||